00358nam a2200109Ia 4500008004100000082001700041100002500058245004700083942000600130952009900136999001300235240331s9999 xx 000 0 und d a200.042bARE aSister in Islam,. ed 0aAre Muslim Men Allowed to Beat There Wives cL 001040708LaWERCLbWERCLcSSCd2024-03-31l0o 200.042 AREp1268r2024-03-31w2024-03-31yL c784d784